| 000 | 00845cam a22002411 4500 | ||
|---|---|---|---|
| 001 | sa 68005988 | ||
| 003 | DLC | ||
| 005 | 20260227112512.0 | ||
| 008 | 711028s1959 ii 000 0 eng | ||
| 010 | _asa 68005988 | ||
| 040 |
_aDLC _cDLC _dDLC |
||
| 041 | 1 | _aengdra | |
| 043 | _aa-ii--- | ||
| 050 | 0 | 0 |
_aPL4951.E3 _bG6 1959 |
| 100 | 1 |
_aGover, Charles E., _d-1872. |
|
| 245 | 1 | 4 |
_aThe folk-songs of Southern India, _cby Charles E. Gover. |
| 250 |
_a[2d ed.] _bWith a foreword by M. K. Shanmugam. |
||
| 260 |
_aTirunelveli, _bSouth India Saiva Siddhanta Works Pub. Society, Tinnevelly _c[1959] |
||
| 300 |
_axi, xxiv, 300 p. _c19 cm. |
||
| 490 | 0 | _aSouth Indian Saiva Siddhanta Works Pub. Society, Tinnevelly. Publication no. 965 | |
| 650 | 0 |
_aDravidian poetry _xTranslations into English. |
|
| 650 | 0 |
_aFolk songs, Dravidian _zIndia _xTexts. |
|
| 999 |
_c81043 _d81043 |
||